Представление документа в формате RUSMARC

ПолеНазваниеЗначение
  Тип записи a
  Библиографический уровень a
001 Контрольный номер RU/CBS_UL/BASE/9ad14e7b6597424698f58badc36701b3
005 Дата корректировки 20260317231236.2
100 Данные общей обработки __
a Данные общей обработки 20260317 ||| 0rusy0189 ca
101 Язык документа 0_
a Язык текста rus
102 Страна публикации __
a Страна публикации RU
200 Заглавие и сведения об ответственности 1_
a Заглавие Про эмоции и чувства
e Сведения, относящиеся к заглавию [психология эмоций]
300 Общие примечания __
a Общие примечания Содерж. : Почему, когда я смущаюсь, у меня краснеют щёки? ; Почему когда зеваешь, появляются слёзы? ; Почему от волнения забываются слова?
300 Общие примечания __
a Общие примечания 6+
461 Уровень набора _0
1 2000
a ВОТ! Детский журнал с картинками про все на свете
463 Уровень физической единицы _0
1 2000
a № 2
v С. 10-11: ил.
1 2101
d 2026
1 001RU/CBS_UL/BASE/bdcd47e63c3c4742b5995c9a5d4ff0cd
606 Тематические рубрики 0_
a Основная рубрика Эмоции и чувства
610 Ключевые слова 0_
a Ключевые слова эмоции, чувства, психология эмоций, смущение, слёзы, волнение, пугливость
686 Индексы других классификаций __
2 Код системы rubbk
a Классификационный индекс 88.252.1
801 Источник записи _0
a Страна RU
b Организация МБУК ЦБС г. Ульяновска
c Дата составления 20260317
g Правила каталогизации RCR
801 Источник записи _1
a Страна RU
b Организация МБУК ЦБС г. Ульяновска
c Дата составления 20260317
g Правила каталогизации RCR
901 Тип документа __
t Тип документа b
w Контрольный № источника RU/CBS_UL/BASE/bdcd47e63c3c4742b5995c9a5d4ff0cd
909 Создатель записи __
a Создатель записи lib1